000 00409 a2200109 4500
020 _a0471402737 (cloth : alk. paper)
082 _a624.171 NEL
100 _aNelson, James K.
245 _aStructural analysis :
_busing classical and matrix methods /
_cJames K. Nelson, Jack C. McCormac.
260 _aNew York :
_bWiley,
_c2003.
300 _axiv, 525 p. :
_bill. ;
_c26 cm. +
_e1 CD-ROM (4 3/4 in.)
650 _aStructural analysis (Engineering)
999 _c1246
_d1246